| 000 | 01394nac a22003611u 4500 | ||
|---|---|---|---|
| 999 |
_c11082 _d11082 |
||
| 003 | EG-ScBUE | ||
| 005 | 20201011095118.0 | ||
| 008 | 090317t2008 at a f b 001 0 eng d | ||
| 020 | _a9780324568318 | ||
| 020 | _a0324568312 | ||
| 035 | _a(DLC) 2003115113 | ||
| 040 |
_aEG-ScBUE _beng _erda _cEG-ScBUE _dEG-ScBUE |
||
| 082 | 0 | 4 |
_a658.4092 _bDAF _222 |
| 100 |
_aDaft, Richard L., _eauthor. |
||
| 245 | 1 | 4 |
_aThe leadership experience / _cRichard L. Daft, Owen Graduate School of Management, Vanderbilt University ; with the assistance of Patricia G. Lane. |
| 250 | _aFourth edition. | ||
| 250 | _aInternational student edition. | ||
| 264 | 1 |
_aAustralia : _bSouth-Western, Cengage Learning, _c[2008] |
|
| 264 | 4 | _cc2008 | |
| 300 |
_axviii, 493 pages : _bcolor illustrations ; _c24 cm |
||
| 336 |
_2rdacontent _atext _btxt |
||
| 337 |
_2rdamedia _aunmediated _bn |
||
| 338 |
_2rdacarrier _avolume _bnc |
||
| 500 | _aIncludes passcode for the Infotrac College Edition, the Online Library (WWW.infotrac-college.com). | ||
| 500 | _adistributer: Al-Ahram | ||
| 504 | _aIncludes bibliographical references and index. | ||
| 650 | 7 |
_aLeadership. _2BUEsh |
|
| 653 |
_bBUSADM _cOctober2020 |
||
| 655 | _vReading book | ||
| 700 | 1 |
_aLane, Patricia G., _eauthor. |
|
| 856 | 4 | 1 |
_3Table of contents _uhttp://www.loc.gov/catdir/toc/fy046/2003115113.html |
| 942 |
_cBB _k658.4092DAF _2ddc |
||